000 00330nam a2200133Ia 4500
008 240624s9999 xx 000 0 und d
041 _aeng
082 _a658.812 BAR
100 _aBARLOW JANELLE
245 _aCOMPLAINT IS A GIFT
260 _c2003
_aNew Delhi
_bTata McGrawhill
300 _ax, : 222 : p. : cm. ; 23
365 _cRS
999 _c2293
_d2293